| 000 | 00373nam a22001217a 4500 | ||
|---|---|---|---|
| 082 | _a347.549077 BHA | ||
| 100 | _aBhatti, Rai Muhammad Zafar | ||
| 245 |
_aThe Specific relief act, 1877 (1 of 1877) _cRai Muhammad Zafar Bhatti |
||
| 260 |
_aLahore _bIrfan Law Book House _c2020 |
||
| 300 | _a224p | ||
| 942 |
_2ddc _cBK |
||
| 999 |
_c540942 _d540942 |
||